00572 2200193 4500001002100000005001700021008004100038035002400079040001200103090001800115100001300133245012200146260002700268300002500295650002000320850001200340990001300352990001300365YOGYA-0209000000009720090227020325.0 ind  0010-020900000000097 aYOPDYOG aKR 030bMDu S aM DUTA K a1750 materi kamus kata bergamar Indonesia-Inggris dilengkapi cara membaca untuk SD, SLTP, dan Umum (pemula)cM Duta K aSurabayabAmanahc1997 a286 hlmbilusc19 cm aKamus bergambar aYOPDYOG a04P02752 a04P02751